LEADER 01241nam a2200277 u 4500 001 000000058459 003 CaOOAMICUS 005 20070226120708.0 008 010605s1995 ne u000 u ger u 020 $a9051838549 035 $a10891453 040 $aPUL$bita 100 1 $aSeidl, Horst.$0(OLS)http://pul/name/21091 245 10$aBeiträge zu Aristoteles' Naturphilosophie /$cHorst Seidl. 260 $aAmsterdam :$bRodopi,$c1995. 300 $axvi, 151 p. ;$c24 cm 490 1 $aElementa : Schriften zur Philosophie und ihrer Problemgeschichte ;$vBd. 65 600 04$aAristoteles,$d384-322 a.C.$tPhysica$9(Aristoteles, 384-322 a.C.).$0(OLS)http://pul/subject/19965 830 0$aElementa : Schriften zur Philosophie und ihrer Problemgeschichte ;$vBd. 65.$0(OLS)http://pul/title/16124 850 $aPUL 852 $aPUL$W1$xSL Filosofia 2$y80$mPhil D4 81b.2$j76371$nBK-PRI$b $qStampati altre collocazioni$B76371$CPULBib$Z2$F76371 $H $81 941 1 $a10 961 $aINV: 84801 996 $6020$a9051838549$9(OLS)http://pul/number/74083 996 $6245$aBeiträge zu Aristoteles' Naturphilosophie$9(OLS)http://pul/title/78316 996 $6260$aAmsterdam :$bRodopi$9(OLS)http://pul/publisher/53137 LEADER 01381nam a2200277 u 4500 001 000000058893 003 CaOOAMICUS 005 20070226120736.0 008 010615m19241928gw u000 u ger u 035 $a10892691 040 $aPUL(R)$bita 100 1 $aBrentano, Franz Clemens,$d1838-1917.$0(OLS)http://pul/name/10539 245 10$aPsychologie vom empirischen Standpunkt /$cFranz Brentano ; mit ausfürlicher Enleitung anmerkungen und Register herausgegeben von Oskar Kraus. 260 $aLeipzig :$bMeiner,$c1924-<1928 >. 300 $av. <1-2, 3.1 > ;$c21 cm 490 1 $aPhilosophische Bibliothek ;$v192-193, 207 500 $aIl v. 3.1 ha frontespizio proprio. 505 1 $aBd. 2. Von der Klasssifikation der psychischen Phänomene. -- Bd. 3, T. 1. Wahrnehmung / Empfindung / Begriff. 650 4$aPsicologia sperimentale.$0(OLS)http://pul/subject/4635 700 1 $aKraus, Oskar,$d1872-1942.$0(OLS)http://pul/name/40759 830 0$aPhilosophische Bibliothek ;$v192-193, 207.$0(OLS)http://pul/title/13177 850 $aPUL 852 $aPUL$W1$xSL Filosofia 2$y80$mPhil D4 15.1-3$j76877$nBK-PRI$b $qStampati altre collocazioni$B76877$CPULBib$Z2$F76877 $H $81 941 1 $a10 996 $6245$aPsychologie vom empirischen Standpunkt$9(OLS)http://pul/title/78897 996 $6260$aLeipzig :$bMeiner$9(OLS)http://pul/publisher/69709